000 00766cab a2200193 4500
001 ABS41940
008 090401t1990 xxu||||| |||| 00| 0 eng d
035 _a(Sirsi) u33605
041 _aeng
100 _aMillet, C.
245 _aThis concrete could change the industry
260 _c1990
350 _a0
490 _aBuilding Today
_v199(5839) 18 January 1990, 18-20(3)
520 _aReport on a new form of concrete , Delcon X , developed by Chalmers University of Technology, Sweden . The material is lighter and more durable than conventional concrete, and has better insulation properties. It is being marketed in the UK by Pointspan Construction , Altrincham .
690 _aBUILT ENVIRONMENT-BUILDING MATERIALS
942 _n0
948 _c04/03/1997
999 _c22422
_d22422